000 00580nam a22001817a 4500
003 BD-DhUL
005 20180508093958.0
008 180508s1982 bg ||||| |||| 00| 0 ben d
040 _aBD-DhUL
_cBD-DhUL
082 _a891.443
_bABS
100 1 _aজলিল, এম এ
245 0 0 _aসূর্যোদয় /
_cএম এ জলিল
260 _aঢাকা :
_bঅনুপ্রাস,
_c১৯৮২।
300 _a১৫৪ পৃ. ;
_c২২ সেমি.।
650 4 _aবাংলা উপন্যাস
650 4 _aBengali fiction
942 _2ddc
_cBK
999 _c241053
_d241053